[Event "IECG CB.2003.0.00091 email"]
[Site "IECG email"]
[Date "2003.09.03"]
[Round "?"]
[White "Melia, Ken"]
[Black "Johanson, Frans"]
[Result "1-0"]
[WhiteElo "1885"]
[BlackElo "1960"]
[PlyCount "119"]
[EventDate "2003.09.03"]
[EventType "tourn (corr)"]
[EventRounds "6"]
[SourceTitle "Corr 2008"]
[Source "ChessBase"]
[SourceDate "2008.06.24"]
[SourceVersion "1"]
[SourceVersionDate "2008.06.24"]
[SourceQuality "1"]

1. Nf3 Nf6 2. c4 e6 3. d4 d5 4. Nc3 c6 5. e3 Nbd7 6. Bd3 dxc4 7. Bxc4 b5 8. Bd3 a6 9. e4 c5 10. e5 cxd4 11. Nxb5 Nxe5 12. Nxe5 axb5 13. Bxb5+ Bd7 14. Nxd7 Qa5+ 15. Bd2 Qxb5 16. Nxf8 Kxf8 17. b3 Ke7 18. a4 Qe5+ 19. Qe2 Kd6 20. Qxe5+ Kxe5 21. Ke2 Rhb8 22. Rhb1 Ne4 23. b4 Nxd2 24. Kxd2 Kd5 25. b5 Ra5 26. Rb4 Kc5 27. Rab1 Rb6 28. Kd3 e5 29. f4 f6 30. Rc4+ Kd5 31. Rbb4 Ra8 32. Rc7 g5 33. fxe5 fxe5 34. Rbc4 e4+ 35. Ke2 Rd6 36. Rb4 Rh6 37. Rd7+ Kc5 38. Rbxd4 Rxh2 39. R7d5+ Kb6 40. Rxg5 Rh6 41. Rxe4 Ra7 42. Rg8 Rd6 43. Rb8+ Ka5 44. g4 Rdd7 45. Kf3 Rf7+ 46. Kg3 Rfb7 47. Rbe8 Rb6 48. R4e7 Rxe7 49. Rxe7 Kxa4 50. Rxh7 Kxb5 51. g5 Kc5 52. Kf4 Kd5 53. Rh8 Rb1 54. g6 Rg1 55. Kf5 Kd6 56. Kf6 Rf1+ 57. Kg7 Ke7 58. Rh7 Ke8 59. Rh5 Rf2 60. Kh8 1-0

[Event "IECG CB.2002.0.00057 email"]
[Site "IECG email"]
[Date "2002.10.02"]
[Round "1"]
[White "Melia, Ken"]
[Black "Klarl, Jason"]
[Result "1-0"]
[WhiteElo "1901"]
[BlackElo "1800"]
[PlyCount "21"]
[EventDate "2002.10.02"]
[EventType "tourn (corr)"]
[EventRounds "6"]
[SourceTitle "Corr 2024"]
[Source "ChessBase"]
[SourceDate "2023.10.19"]
[SourceVersion "1"]
[SourceVersionDate "2023.10.19"]
[SourceQuality "1"]

1. d4 Nf6 2. c4 g6 3. Nc3 d5 4. cxd5 Nxd5 5. e4 Nxc3 6. bxc3 c5 7. Nf3 Bg7 8. Rb1 0-0 9. Be2 cxd4 10. cxd4 Qa5+ 11. Qd2 1-0

[Event "IECG CP.2001.Q.00021 email"]
[Site "IECG email"]
[Date "2002.10.01"]
[Round "?"]
[White "Melia, Ken"]
[Black "Olsen, Karl Johan"]
[Result "0-1"]
[WhiteElo "1901"]
[BlackElo "2250"]
[PlyCount "78"]
[EventDate "2002.10.01"]
[EventType "tourn (corr)"]
[EventRounds "10"]
[EventCountry "DEN"]
[SourceTitle "Corr 2008"]
[Source "ChessBase"]
[SourceDate "2008.06.24"]
[SourceVersion "1"]
[SourceVersionDate "2008.06.24"]
[SourceQuality "1"]

1. Nf3 c5 2. e4 e6 3. d4 cxd4 4. Nxd4 a6 5. Bd3 Bc5 6. Nb3 Ba7 7. 0-0 Nc6 8. Qg4 Qf6 9. Nc3 b5 10. a3 Nge7 11. Bg5 Qg6 12. Qh4 h6 13. Bxe7 Nxe7 14. a4 b4 15. e5 Qg5 16. Qxg5 hxg5 17. Ne4 Nf5 18. Nxg5 Nd4 19. Nd2 f6 20. Nge4 fxe5 21. Nc4 d5 22. Ned6+ Ke7 23. Nxe5 Bd7 24. Ndf7 Rhf8 25. Ng5 Kd6 26. Nxd7 Kxd7 27. Rac1 Rac8 28. Bxa6 Rxc2 29. Rxc2 Nxc2 30. a5 Kd6 31. Be2 e5 32. a6 e4 33. Nh3 d4 34. Ng5 Ke5 35. Bc4 d3 36. Nf7+ Kd4 37. Bb3 e3 38. fxe3+ Kxe3 39. Kh1 Ke2 0-1

[Event "IECG CB.2002.0.00043 email"]
[Site "IECG email"]
[Date "2002.05.28"]
[Round "?"]
[White "Melia, Ken"]
[Black "Draba, Henryk"]
[Result "1/2-1/2"]
[WhiteElo "1873"]
[BlackElo "1895"]
[PlyCount "74"]
[EventDate "2002.05.28"]
[EventType "tourn (corr)"]
[EventRounds "6"]
[SourceTitle "Corr 2008"]
[Source "ChessBase"]
[SourceDate "2008.06.24"]
[SourceVersion "1"]
[SourceVersionDate "2008.06.24"]
[SourceQuality "1"]

1. Nf3 Nf6 2. c4 g6 3. d4 Bg7 4. Nc3 0-0 5. e4 d6 6. Be2 e5 7. 0-0 Nc6 8. d5 Ne7 9. b4 Nh5 10. Re1 f5 11. Ng5 Nf6 12. Bf3 c6 13. Be3 h6 14. Ne6 Bxe6 15. dxe6 fxe4 16. Nxe4 Nxe4 17. Bxe4 d5 18. cxd5 cxd5 19. Bc5 dxe4 20. Qxd8 Rfxd8 21. Bxe7 Re8 22. Bc5 b6 23. Be3 Rxe6 24. Rac1 b5 25. h4 a5 26. a3 axb4 27. axb4 Kf7 28. Rc7+ Re7 29. Rc6 Rb7 30. Bc5 Ra3 31. Rxe4 Rd3 32. f4 Rd5 33. g4 h5 34. Kf2 hxg4 35. Kg3 exf4+ 36. Rxf4+ Rf5 37. Kxg4 Rxf4+ 1/2-1/2

[Event "IECC CL4-2002.16"]
[Site "IECC email"]
[Date "2002.05.22"]
[Round "?"]
[White "Melia, Ken"]
[Black "Butterworth, Joseph"]
[Result "1-0"]
[WhiteElo "1716"]
[BlackElo "1699"]
[PlyCount "49"]
[EventDate "2002.??.??"]
[EventType "tourn (corr)"]
[EventRounds "4"]
[SourceTitle "Corr 2008"]
[Source "ChessBase"]
[SourceDate "2008.06.24"]
[SourceVersion "1"]
[SourceVersionDate "2008.06.24"]
[SourceQuality "1"]

1. Nf3 Nf6 2. c4 e6 3. d4 Bb4+ 4. Bd2 Qe7 5. g3 Nc6 6. Nc3 d5 7. cxd5 exd5 8. Bg2 0-0 9. 0-0 Re8 10. Re1 Bg4 11. Bg5 Rad8 12. a3 Ba5 13. e4 Bxc3 14. bxc3 dxe4 15. h3 Bxf3 16. Bxf3 h6 17. Rxe4 Qd6 18. Bxf6 Qxf6 19. Qd3 Qd6 20. Qb5 Rxe4 21. Bxe4 g6 22. Qxb7 Nxd4 23. cxd4 Qxd4 24. Rc1 c5 25. Bf3 1-0

[Event "IECG CB.2002.0.00038 email"]
[Site "IECG email"]
[Date "2002.04.24"]
[Round "?"]
[White "Ellis, Aidan"]
[Black "Melia, Ken"]
[Result "1/2-1/2"]
[WhiteElo "1800"]
[BlackElo "1849"]
[PlyCount "38"]
[EventDate "2002.04.24"]
[EventType "tourn (corr)"]
[EventRounds "6"]
[SourceTitle "Corr 2008"]
[Source "ChessBase"]
[SourceDate "2008.06.24"]
[SourceVersion "1"]
[SourceVersionDate "2008.06.24"]
[SourceQuality "1"]

1. e4 c5 2. Nf3 d6 3. c3 Nf6 4. Be2 g6 5. 0-0 Bg7 6. d3 0-0 7. h3 Qc7 8. Qc2 Nbd7 9. Nh2 Rd8 10. f4 b6 11. Be3 Bb7 12. Nd2 d5 13. e5 Nxe5 14. fxe5 Qxe5 15. Bf4 Qxe2 16. Rae1 Qh5 17. Re5 Qh4 18. Bg5 Qg3 19. Bf4 Qh4 1/2-1/2

[Event "IECG CB.2002.0.00038 email"]
[Site "IECG email"]
[Date "2002.04.24"]
[Round "?"]
[White "Van Bommel, Ton"]
[Black "Melia, Ken"]
[Result "1/2-1/2"]
[WhiteElo "1769"]
[BlackElo "1849"]
[PlyCount "78"]
[EventDate "2002.04.24"]
[EventType "tourn (corr)"]
[EventRounds "6"]
[SourceTitle "Corr 2008"]
[Source "ChessBase"]
[SourceDate "2008.06.24"]
[SourceVersion "1"]
[SourceVersionDate "2008.06.24"]
[SourceQuality "1"]

1. e4 c5 2. Nf3 d6 3. d4 cxd4 4. Nxd4 Nf6 5. Nc3 a6 6. f4 e5 7. Nf3 Nbd7 8. a4 Be7 9. Bd3 0-0 10. 0-0 Nc5 11. Kh1 exf4 12. Bxf4 Bg4 13. Be3 Rc8 14. Qd2 Nxd3 15. cxd3 d5 16. Bd4 dxe4 17. dxe4 Re8 18. Rad1 Qa5 19. h3 Qh5 20. Qe3 Be6 21. Ne5 Bb4 22. Nd3 Bxc3 23. Bxc3 Bb3 24. Nf4 Rxe4 25. Nxh5 Rxe3 26. Nxf6+ gxf6 27. Rd4 Kg7 28. Rg4+ Kf8 29. Rxf6 Rc6 30. Rf2 Rg6 31. Rd4 b6 32. Bd2 Re8 33. Rf3 Bc2 34. Rd7 Bxa4 35. Rdxf7+ Kg8 36. R3f6 Bc2 37. Kg1 a5 38. Bc3 Rxf6 39. Rxf6 Rb8 1/2-1/2

[Event "IECG WC.2005.P.00012 email"]
[Site "IECG email"]
[Date "2002.01.29"]
[Round "?"]
[White "Melia, Ken"]
[Black "Malmstroem, Jan"]
[Result "1/2-1/2"]
[WhiteElo "1832"]
[BlackElo "1940"]
[PlyCount "97"]
[EventDate "2002.01.29"]
[EventType "tourn (corr)"]
[EventRounds "12"]
[SourceTitle "Corr 2008"]
[Source "ChessBase"]
[SourceDate "2008.06.24"]
[SourceVersion "1"]
[SourceVersionDate "2008.06.24"]
[SourceQuality "1"]

1. d4 Nf6 2. c4 e6 3. Nf3 b6 4. Nc3 Bb7 5. a3 Be7 6. d5 exd5 7. cxd5 0-0 8. e4 Re8 9. Bd3 a6 10. 0-0 h6 11. Nd4 d6 12. Qf3 Nbd7 13. Nf5 Ne5 14. Qg3 Ng6 15. Be3 Nd7 16. Nxe7+ Qxe7 17. Rad1 Nf6 18. f4 Nh5 19. Qf3 Nf6 20. Rde1 Rac8 21. Bd4 Nd7 22. Qg3 c5 23. dxc6 Rxc6 24. Nd5 Qh4 25. Qxh4 Nxh4 26. f5 Ne5 27. Bxe5 dxe5 28. g3 Rd6 29. Bc4 b5 30. Bb3 Nxf5 31. Rxf5 Bc8 32. Nc7 Re7 33. Rxf7 Rxf7 34. Rf1 Rdf6 35. Rxf6 gxf6 36. Ne8 Bg4 37. Nxf6+ Kg7 38. Nxg4 Re7 39. Bd5 h5 40. Ne3 Rc7 41. Kg2 Kg6 42. h4 a5 43. g4 Rc1 44. Kg3 Rg1+ 45. Kf3 Rh1 46. Nf5 Rh3+ 47. Ng3 Rxh4 48. gxh5+ Kg5 49. Kg2 1/2-1/2

[Event "IECG WC.2005.P.00012 email"]
[Site "IECG email"]
[Date "2002.01.29"]
[Round "?"]
[White "Melia, Ken"]
[Black "Navarro Torres, Pedro Manuel"]
[Result "1/2-1/2"]
[WhiteElo "1832"]
[BlackElo "2118"]
[PlyCount "62"]
[EventDate "2002.01.29"]
[EventType "tourn (corr)"]
[EventRounds "12"]
[SourceTitle "Corr 2008"]
[Source "ChessBase"]
[SourceDate "2008.06.24"]
[SourceVersion "1"]
[SourceVersionDate "2008.06.24"]
[SourceQuality "1"]

1. d4 Nf6 2. c4 e6 3. Nc3 Bb4 4. Nf3 c5 5. e3 0-0 6. Bd3 d5 7. 0-0 cxd4 8. exd4 dxc4 9. Bxc4 b6 10. Bg5 Bb7 11. Ne5 Bxc3 12. bxc3 Nbd7 13. Nxd7 Qxd7 14. Bxf6 gxf6 15. Qg4+ Kh8 16. Qf4 Qd8 17. Bd3 Rg8 18. f3 f5 19. Rfe1 Rc8 20. Rac1 Qc7 21. Qe3 Rg7 22. Kh1 Rcg8 23. Re2 Rg5 24. Rf2 f4 25. Qe2 Qd6 26. Qb2 Rh5 27. Be4 Qe7 28. Bxb7 Qxb7 29. c4 Qe7 30. d5+ e5 31. Re2 Qd6 1/2-1/2

[Event "IECG WC.2005.P.00012 email"]
[Site "IECG email"]
[Date "2002.01.29"]
[Round "?"]
[White "Van Dijk, Jerry"]
[Black "Melia, Ken"]
[Result "0-1"]
[WhiteElo "1400"]
[BlackElo "1832"]
[PlyCount "92"]
[EventDate "2002.01.29"]
[EventType "tourn (corr)"]
[EventRounds "12"]
[SourceTitle "Corr 2008"]
[Source "ChessBase"]
[SourceDate "2008.06.24"]
[SourceVersion "1"]
[SourceVersionDate "2008.06.24"]
[SourceQuality "1"]

1. e4 c6 2. c4 e5 3. Nf3 d6 4. d4 Nd7 5. Nc3 Ngf6 6. Be2 Be7 7. 0-0 0-0 8. Qc2 Re8 9. Rd1 Qc7 10. Bg5 h6 11. Bh4 g5 12. Bg3 Nh5 13. d5 Nxg3 14. hxg3 Nf6 15. Ne1 Bd7 16. dxc6 bxc6 17. Qd3 Rab8 18. Nc2 Rxb2 19. Rab1 Rxb1 20. Rxb1 Rb8 21. Ra1 Qa5 22. Ne3 g4 23. Rd1 Be6 24. Kh2 Rb2 25. Rc1 Kg7 26. Ned1 Rb7 27. Ne3 Qa3 28. Qd1 Bd8 29. Nxg4 Bxg4 30. Bxg4 Ba5 31. Nb1 Qxa2 32. f4 Qf2 33. Qf3 Qe3 34. Rf1 Qxe4 35. Qxe4 Nxe4 36. fxe5 dxe5 37. Bf3 f5 38. g4 Nf6 39. Bxc6 Nxg4+ 40. Kh1 Rb3 41. c5 e4 42. Bd5 Rb2 43. Na3 e3 44. Bc4 e2 45. Bxe2 Rxe2 46. Nb5 Re5 0-1

[Event "T16-03 corr"]
[Site "TSC corr"]
[Date "2002.??.??"]
[Round "?"]
[White "Zulauff, Harri"]
[Black "Melia, Ken"]
[Result "0-1"]
[WhiteElo "1918"]
[BlackElo "1719"]
[PlyCount "92"]
[EventDate "2002.??.??"]
[EventType "tourn (corr)"]
[EventRounds "14"]
[SourceTitle "Corr 2004"]
[Source "ChessBase"]
[SourceDate "2003.04.28"]
[SourceVersion "3"]
[SourceVersionDate "2003.04.28"]
[SourceQuality "1"]

1. e4 c5 2. Nf3 d6 3. d4 cxd4 4. Nxd4 Nf6 5. Nc3 a6 6. Be3 g6 7. f3 Bg7 8. Qd2 Nc6 9. 0-0-0 Bd7 10. g4 Rc8 11. h4 h5 12. g5 Nh7 13. Nxc6 Rxc6 14. Bd4 Bxd4 15. Qxd4 0-0 16. e5 Be6 17. Qb4 b5 18. exd6 Rxd6 19. Rxd6 Qxd6 20. Qxd6 exd6 21. Bd3 Rc8 22. a3 d5 23. Ne2 Bd7 24. Nf4 Bc6 25. Re1 Nf8 26. Kd2 Rd8 27. Re7 Rd7 28. Rxd7 Nxd7 29. Ne2 Ne5 30. Nd4 Bd7 31. f4 Nxd3 32. Kxd3 Kf8 33. c3 Ke7 34. Nb3 Kd6 35. Kd4 Bc8 36. Nc5 a5 37. b3 Bh3 38. Nb7+ Ke6 39. Nd8+ Kf5 40. Nxf7 Kxf4 41. Kxd5 Kg3 42. Ke5 Kxh4 43. Kf6 Bf5 44. Ne5 Be4 45. Nxg6+ Kg3 46. b4 a4 0-1

[Event "IECG CP.2001.P.00064"]
[Site "IECG email"]
[Date "2001.10.01"]
[Round "?"]
[White "Lombart, Philippe"]
[Black "Melia, Ken"]
[Result "1/2-1/2"]
[WhiteElo "1881"]
[BlackElo "1690"]
[PlyCount "60"]
[EventDate "2001.10.01"]
[EventType "tourn (corr)"]
[EventRounds "6"]
[SourceTitle "Corr 2008"]
[Source "ChessBase"]
[SourceDate "2008.06.24"]
[SourceVersion "1"]
[SourceVersionDate "2008.06.24"]
[SourceQuality "1"]

1. d4 Nf6 2. c4 e6 3. Nc3 Bb4 4. Qc2 0-0 5. e4 c5 6. a3 Qa5 7. axb4 Qxa1 8. bxc5 Nc6 9. Nf3 Nb4 10. Qd1 b6 11. e5 Ne8 12. cxb6 axb6 13. Be2 d5 14. cxd5 Nxd5 15. Nxd5 exd5 16. 0-0 Ba6 17. Ng5 h6 18. Nh3 Nc7 19. f4 Bxe2 20. Qxe2 Qa4 21. Be3 Ne6 22. Qd3 f5 23. Nf2 Qb4 24. g4 Qxb2 25. gxf5 Ra3 26. Qd1 Rxe3 27. fxe6 Ra3 28. Qg4 Qxd4 29. e7 Re8 30. Qe6+ Kh8 1/2-1/2

[Event "IECG CP.2001.P.00064"]
[Site "IECG email"]
[Date "2001.10.01"]
[Round "?"]
[White "Melia, Ken"]
[Black "Angermann, Immo Frank"]
[Result "1-0"]
[WhiteElo "1690"]
[BlackElo "1410"]
[PlyCount "33"]
[EventDate "2001.10.01"]
[EventType "tourn (corr)"]
[EventRounds "6"]
[SourceTitle "Corr 2008"]
[Source "ChessBase"]
[SourceDate "2008.06.24"]
[SourceVersion "1"]
[SourceVersionDate "2008.06.24"]
[SourceQuality "1"]

1. e4 c6 2. d4 d5 3. e5 Bf5 4. Nf3 e6 5. Be2 Nd7 6. 0-0 h6 7. b3 c5 8. c4 dxc4 9. Bxc4 cxd4 10. Nxd4 Bxb1 11. Rxb1 Nxe5 12. Bb5+ Ke7 13. Ba3+ Kf6 14. Bb2 Kg6 15. Qc2+ f5 16. Nxe6 Qd6 17. Nf4+ 1-0

[Event "IECG CP.2001.P.00064"]
[Site "IECG email"]
[Date "2001.10.01"]
[Round "?"]
[White "Petrie, Douglas"]
[Black "Melia, Ken"]
[Result "0-1"]
[WhiteElo "1072"]
[BlackElo "1690"]
[PlyCount "40"]
[EventDate "2001.10.01"]
[EventType "tourn (corr)"]
[EventRounds "6"]
[SourceTitle "Corr 2008"]
[Source "ChessBase"]
[SourceDate "2008.06.24"]
[SourceVersion "1"]
[SourceVersionDate "2008.06.24"]
[SourceQuality "1"]

1. d4 Nf6 2. c4 e6 3. Nf3 b6 4. g3 Bb7 5. Bg2 Be7 6. 0-0 0-0 7. Nc3 Ne4 8. Qc2 Nxc3 9. Qxc3 c5 10. Bf4 cxd4 11. Nxd4 Bxg2 12. Kxg2 Bf6 13. Bd6 Nc6 14. e3 Nxd4 15. exd4 Re8 16. Rad1 Rc8 17. Qb4 Be7 18. b3 Bxd6 19. Qxd6 Rc6 20. Qe5 d5 0-1

[Event "IECC CL4-2001.30"]
[Site "IECC email"]
[Date "2001.09.23"]
[Round "?"]
[White "Melia, Ken"]
[Black "Carothers, Charles"]
[Result "1-0"]
[WhiteElo "1667"]
[BlackElo "1726"]
[PlyCount "113"]
[EventDate "2001.??.??"]
[EventType "tourn (corr)"]
[EventRounds "4"]
[SourceTitle "Corr 2008"]
[Source "ChessBase"]
[SourceDate "2008.06.24"]
[SourceVersion "1"]
[SourceVersionDate "2008.06.24"]
[SourceQuality "1"]

1. Nf3 d5 2. d4 e6 3. g3 Nf6 4. c4 dxc4 5. Qa4+ Bd7 6. Qxc4 Bc6 7. Bg2 Bd5 8. Qa4+ Bc6 9. Qd1 Bd6 10. 0-0 0-0 11. Nc3 Ne4 12. Qc2 f5 13. Qb3 Qd7 14. Nxe4 Bd5 15. Ne5 Bxe5 16. Nc5 Bxb3 17. Nxd7 Nxd7 18. dxe5 Bd5 19. Bf4 Nb6 20. Rfd1 c6 21. f3 Bc4 22. Kf2 Nd5 23. Bd2 Rf7 24. b3 Ba6 25. f4 Rd8 26. Rac1 Rfd7 27. Ke1 Ne7 28. e4 Bd3 29. exf5 Bxf5 30. Bf3 Rd3 31. Bb4 Kf7 32. Rxd3 Rxd3 33. Bh5+ Bg6 34. Be2 Rd8 35. Bc5 a6 36. a4 Be4 37. a5 h6 38. Rc4 Bd5 39. Rb4 Rd7 40. h4 Nf5 41. Kf2 g6 42. h5 Ng7 43. hxg6+ Kxg6 44. g4 h5 45. Bd3+ Kf7 46. g5 h4 47. Rd4 Nf5 48. Bxf5 exf5 49. Kg1 Kg6 50. Kh2 Kh5 51. Kh3 Rg7 52. Rd2 Rd7 53. b4 Rd8 54. e6 Re8 55. e7 Rg8 56. Re2 Re8 57. Re5 1-0

[Event "IECC CL4-2001.30"]
[Site "IECC email"]
[Date "2001.09.23"]
[Round "?"]
[White "Sanmartino, Gianluca"]
[Black "Melia, Ken"]
[Result "1/2-1/2"]
[WhiteElo "1716"]
[BlackElo "1664"]
[PlyCount "68"]
[EventDate "2001.??.??"]
[EventType "tourn (corr)"]
[EventRounds "4"]
[SourceTitle "Corr 2008"]
[Source "ChessBase"]
[SourceDate "2008.06.24"]
[SourceVersion "1"]
[SourceVersionDate "2008.06.24"]
[SourceQuality "1"]

1. e4 c6 2. d4 d5 3. Nc3 dxe4 4. Nxe4 Bf5 5. Ng3 Bg6 6. h4 h6 7. Nf3 Nd7 8. h5 Bh7 9. Bd3 Bxd3 10. Qxd3 e6 11. Bf4 Qa5+ 12. Bd2 Qc7 13. 0-0-0 0-0-0 14. c4 Ngf6 15. Kb1 Kb8 16. Bc3 Be7 17. Qe2 Rhe8 18. Rd2 Nh7 19. Rhd1 Ng5 20. Ne5 f6 21. Nxd7+ Rxd7 22. Ne4 f5 23. Nxg5 Bxg5 24. d5 e5 25. d6 Qb6 26. Rd3 e4 27. Bd4 Qd8 28. Ra3 Rxd6 29. Bxa7+ Kc7 30. Rxd6 Qxd6 31. Qe1 Kc8 32. Bb6 c5 33. Rb3 Bh4 34. g3 Bd8 1/2-1/2

[Event "IECC CL5-2001.13"]
[Site "IECC email"]
[Date "2001.04.22"]
[Round "?"]
[White "Melia, Ken"]
[Black "Leanza, Marco Antonio"]
[Result "1-0"]
[WhiteElo "1647"]
[BlackElo "1305"]
[PlyCount "61"]
[EventDate "2001.??.??"]
[EventType "tourn (corr)"]
[EventRounds "4"]
[SourceTitle "Corr 2008"]
[Source "ChessBase"]
[SourceDate "2008.06.24"]
[SourceVersion "1"]
[SourceVersionDate "2008.06.24"]
[SourceQuality "1"]

1. Nf3 d5 2. g3 Nf6 3. Bg2 c6 4. 0-0 Bf5 5. d3 e6 6. Nbd2 h6 7. Qe1 Be7 8. e4 Bh7 9. Qe2 0-0 10. b3 a5 11. Bb2 Qb6 12. a4 Qa6 13. e5 Nfd7 14. c4 Qb6 15. Rfc1 Na6 16. d4 Nb4 17. c5 Qc7 18. Bc3 Na6 19. Qe3 b6 20. cxb6 Qxb6 21. Ne1 c5 22. Nd3 cxd4 23. Bxd4 Qb7 24. Nc4 Qxb3 25. Rc3 Qb8 26. Nxa5 Bxd3 27. Nc6 Qe8 28. Nxe7+ Qxe7 29. Qxd3 Nac5 30. Qb5 Rfb8 31. Bxc5 1-0

[Event "IECC CL5-2001.11"]
[Site "IECC email"]
[Date "2001.03.31"]
[Round "?"]
[White "Cornell, David"]
[Black "Melia, Ken"]
[Result "1/2-1/2"]
[WhiteElo "1486"]
[BlackElo "1585"]
[PlyCount "50"]
[EventDate "2001.??.??"]
[EventType "tourn (corr)"]
[EventRounds "4"]
[SourceTitle "Corr 2008"]
[Source "ChessBase"]
[SourceDate "2008.06.24"]
[SourceVersion "1"]
[SourceVersionDate "2008.06.24"]
[SourceQuality "1"]

1. Nf3 Nf6 2. d4 e6 3. Bf4 c5 4. e3 Qb6 5. b3 d5 6. Bd3 Bd6 7. Bxd6 Qxd6 8. 0-0 0-0 9. dxc5 Qxc5 10. c4 dxc4 11. Bxc4 b5 12. Be2 Bb7 13. Nbd2 Nc6 14. Rc1 Qb6 15. Qc2 Rfc8 16. Ne4 Nxe4 17. Qxe4 Ne7 18. Qh4 Nf5 19. Qf4 Qd6 20. Qxd6 Nxd6 21. Rfd1 Ne4 22. Rxc8+ Rxc8 23. Rd7 Nc5 24. Rd1 Bxf3 25. Bxf3 b4 1/2-1/2